Normal view
MARC view
- العرب القديم- الاسلام - تاريخ
Entry Topical Term
001 - CONTROL NUMBER
- control field: 60759
003 - CONTROL NUMBER IDENTIFIER
- control field: JO-AjAnu
005 - DATE AND TIME OF LATEST TRANSACTION
- control field: 20230606083929.0
008 - FIXED-LENGTH DATA ELEMENTS
- fixed length control field: 230606|| aca||aabn | a|a d
040 ## - CATALOGING SOURCE
- Original cataloging agency: JO-AjAnu
- Transcribing agency: JO-AjAnu
150 ## - HEADING--TOPICAL TERM
- Topical term or geographic name entry element: العرب القديم- الاسلام - تاريخ
670 ## - SOURCE DATA FOUND
- Source citation: Work cat.: (JO-AjAnu)30987: السامرائي، فراس سليم الحسني، م. مشارك قيس حاتم هاني الجنابي , author 60758, تاريخ العرب القديم وعهد الرسول صلى الله عليه وسلم